Подробности
| 000 -МАРКЕР |
| контрольное поле |
02164nam0a22003251 4500 |
| 001 - ИДЕНТИФИКАТОР ЗАПИСИ |
| контрольное поле |
rc\3915475 |
| 005 - ИДЕНТИФИКАТОР ВЕРСИИ |
| контрольное поле |
20250610125319.0 |
| 021 ## - НОМЕР ГОСУДАРСТВЕННОЙ РЕГИСТРАЦИИ |
| Код страны |
российская федерация |
| Номер |
[52-28717] |
| 035 ## - ДРУГИЕ СИСТЕМНЫЕ НОМЕРА |
| Идентификатор записи |
(NLR Aleph) 007911315 |
| 100 ## - ДАННЫЕ ОБЩЕЙ ОБРАБОТКИ |
| Данные общей обработки |
20130415d1952 |||y0rusy50 ca |
| 101 0# - ЯЗЫК РЕСУРСА |
| Язык текста, звукозаписи и т.д. |
русский |
| 102 ## - СТРАНА ПУБЛИКАЦИИ ИЛИ ПРОИЗВОДСТВА |
| Страна публикации |
российская федерация |
| 105 ## - ПОЛЕ КОДИРОВАННЫХ ДАННЫХ: ТЕКСТОВЫЕ МАТЕРИАЛЫ, МОНОГРАФИЧЕСКИЕ |
| Кодированные данные о монографическом текстовом документе |
a z |||a| |
| 200 1# - ЗАГЛАВИЕ И СВЕДЕНИЯ ОБ ОТВЕТСТВЕННОСТИ |
| Основное заглавие |
Болгарские поэты |
| Сведения, относящиеся к заглавию |
Стихотворения и поэмы |
| Первые сведения об ответственности |
[Вступ. статья Д. Маркова. с. 5-27 |
| Последующие сведения об ответственности |
Примеч. Н. Глен |
| -- |
Ил.: Л. Кравченко] |
| 210 ## - ПУБЛИКАЦИЯ, РАСПРОСТРАНЕНИЕ И ДР. |
| Место издания, распространения и т.д. |
Москва |
| Имя издателя, распространителя и т. д. |
Гослитиздат |
| Дата издания, распространения и т.д. |
1952 |
| 215 ## - ФИЗИЧЕСКАЯ ХАРАКТЕРИСТИКА |
| Специфическое обозначение материала и объем |
312 с., 6 л. ил. |
| Размеры |
22 |
| 300 ## - ОБЩИЕ ПРИМЕЧАНИЯ |
| Текст примечания |
В вып. дан. сост.: А. Собкович и Д. Марков |
| 327 0# - ПРИМЕЧАНИЯ О СОДЕРЖАНИИ |
| Текст примечания |
Авторы: П. Славейков, Д. Чинтулов, Г. Раковский, Л. Каравелов, Х. Ботев, И. Вазов, К. Величков, С. Михайловский, Д. Полянов, П. Славейков, П. Яворов, Ц. Бакалов-Церковский, Д. Дебелянов, Х. Ясенов, С. Румянцев, Г. Милев, Х. Смирненский |
| 464 #0 - АНАЛИТИЧЕСКИЙ УРОВЕНЬ |
| Встроенное поле |
701#1$aСлавейков$bП. |
| -- |
701#1$aЧинтулов$bД. |
| -- |
701#1$aРаковский$bГ. |
| -- |
701#1$aКаравелов$bЛ. |
| -- |
701#1$aБотев$bХ. |
| -- |
701#1$aВазов$bИ. |
| -- |
701#1$aВеличков$bК. |
| -- |
701#1$aМихайловский$bС. |
| -- |
701#1$aПолянов$bД. |
| -- |
701#1$aСлавейков$bП. |
| -- |
701#1$aЯворов$bП. |
| -- |
701#1$aБакалов-Церковский$bЦ. |
| -- |
701#1$aДебелянов$bД. |
| -- |
701#1$aЯсенов$bХ. |
| -- |
701#1$aРумянцев$bС. |
| -- |
701#1$aМилев$bГ. |
| -- |
701#1$aСмирненский$bХ. |
| 702 #1 - ИМЯ ЛИЦА - ВТОРИЧНАЯ ОТВЕТСТВЕННОСТЬ |
| Начальный элемент ввода |
Глен |
| Часть имени, кроме начального элемента ввода |
Н. |
| Код отношения |
Комментатор печатного текста |
| 702 #1 - ИМЯ ЛИЦА - ВТОРИЧНАЯ ОТВЕТСТВЕННОСТЬ |
| Начальный элемент ввода |
Кравченко |
| Часть имени, кроме начального элемента ввода |
Л. |
| Код отношения |
Иллюстратор |
| 702 #1 - ИМЯ ЛИЦА - ВТОРИЧНАЯ ОТВЕТСТВЕННОСТЬ |
| Начальный элемент ввода |
Собкович |
| Часть имени, кроме начального элемента ввода |
А.С. |
| Расширение инициалов личного имени |
Алексей Степанович |
| Код отношения |
Составитель |
| 702 #1 - ИМЯ ЛИЦА - ВТОРИЧНАЯ ОТВЕТСТВЕННОСТЬ |
| Код отношения |
Составитель |
| Начальный элемент ввода |
Марков |
| Часть имени, кроме начального элемента ввода |
Д. Ф. |
| Дополнения к именам, кроме дат |
д-р филол. наук, литературоведение |
| Даты |
1913-1990 |
| Расширение инициалов личного имени |
Дмитрий Федорович |
| Системный номер авторитетной/нормативной записи |
229253 |
| Идентификатор авторитетной/нормативной записи |
RU\NLR\AUTH\770229309 |
| 801 #0 - ИСТОЧНИК ЗАПИСИ |
| Страна |
российская федерация |
| Организация |
NLR |
| Правила каталогизации |
psbo |
| 801 #1 - ИСТОЧНИК ЗАПИСИ |
| Страна |
российская федерация |
| Организация |
ELAR |
| Источник данных |
rusmarc |
| 852 ## - МЕСТОНАХОЖДЕНИЕ И ШИФР ХРАНЕНИЯ |
| Идентификатор организации |
NLR |
| Шифр хранения (Call Number) |
Л60 Г-5/59 |
| 942 ## - ДОПОЛНИТЕЛЬНЫЕ ЭЛЕМЕНТЫ ЗАПИСИ (АБИС) |
| Тип экземпляра АБИС |
Книга |
| 980 ## - КОЛЛЕКЦИЯ |
| Название коллекции |
Национальная библиография |